A winter's tale (Record no. 80744)

MARC details
000 -LEADER
fixed length control field 01570cab a22002535a 4500
001 - CONTROL NUMBER
control field L145238
008 - FIXED-LENGTH DATA ELEMENTS--GENERAL INFORMATION
fixed length control field 080917e20080913xxka f g 000 0 eng d
035 ## - SYSTEM CONTROL NUMBER
System control number (Sirsi) u145238
041 0# - LANGUAGE CODE
Language code of text/sound track or separate title eng
100 1# - MAIN ENTRY--PERSONAL NAME
Personal name Edwards, Martin
245 02 - TITLE STATEMENT
Title A winter's tale
260 ## - PUBLICATION, DISTRIBUTION, ETC.
Date of publication, distribution, etc. 2008
490 ## - SERIES STATEMENT
Series statement Estates Gazette
Volume/sequential designation (0836) 13 September 2008, 138-139(2)
520 ## - SUMMARY, ETC.
Summary, etc. Article considers the complexities of the planning system during an economic downturn and advises against being too focused on previous downturns. Suggests that 'perceived wisdom' should be discounted, instead considering each case on its individual merits. The author also points out that the current period of economic flux may last for two or more years and that sitting on land with planning permission is not an option, as it is only granted for three year periods under Section 51 of the Planning and Compulsory Purchase Act 2004. Closes by positing that emerging core strategies may hinder future development plans, leading to an increase in delays and disputes and suggests vigilance on the part of developers to ensure that opportunities are not lost for key sites.
590 ## - LOCAL NOTE (RLIN)
Local note KA
650 24 - SUBJECT ADDED ENTRY--TOPICAL TERM
Topical term or geographic name entry element PLANNING POLICY STATEMENT 12
650 24 - SUBJECT ADDED ENTRY--TOPICAL TERM
Topical term or geographic name entry element R (IN THE APPLICATION OF HART AGGREGATES LTD) V HARTLEPOOL BOROUGH COUNCIL
650 24 - SUBJECT ADDED ENTRY--TOPICAL TERM
Topical term or geographic name entry element TOWN AND COUNTRY PLANNING ACT 1990 S73
650 24 - SUBJECT ADDED ENTRY--TOPICAL TERM
Topical term or geographic name entry element COMMONS ACT 2006 S15
650 24 - SUBJECT ADDED ENTRY--TOPICAL TERM
Topical term or geographic name entry element PLANNING AND COMPULSORY PURCHASE ACT 2004 S51
651 #4 - SUBJECT ADDED ENTRY--GEOGRAPHIC NAME
Geographic name England and Wales
Chronological subdivision 1543-
690 ## - LOCAL SUBJECT ADDED ENTRY--TOPICAL TERM (OCLC, RLIN)
Topical term or geographic name as entry element ENVIRONMENTAL AND LAND CONSULTANCY-PLANNING AND DEVELOPMENT
942 ## - ADDED ENTRY ELEMENTS (KOHA)
Suppress in OPAC 0
Holdings
Withdrawn status Lost status Source of classification or shelving scheme Damaged status Not for loan Home library Current library Shelving location Date acquired Total Checkouts Full call number Barcode Date last seen Copy number Price effective from Koha item type
    Dewey Decimal Classification     London London Journal article 17/09/2008   L145238 145238-1001 06/08/2019 1 06/08/2019 Journal article